| 000 | 00861cam3a220027700 4500 | ||
|---|---|---|---|
| 001 | lce01253745 | ||
| 008 | 800402s1980 onc b 001 0 eng d | ||
| 010 | _acn 80094334 | ||
| 015 | _aC80-94334-1 | ||
| 020 |
_c _34.00 |
||
| 035 | _a(Sirsi) r111092 | ||
| 035 | _a(DLC)cn 80094334 | ||
| 035 | _a(UPRA)lce01253745 | ||
| 040 |
_aCaOTY _beng _cCaOONL _dCaOONL |
||
| 055 | 0 | 1 | _aK953 |
| 082 | 0 |
_a346.03/82 _219 |
|
| 100 | 1 |
_aWaddams, S. M., 1942- _dWaddams, S. M., 1942- _6A71321.1 |
|
| 245 | 1 | 0 |
_aProducts liability / _cby S.M. Waddams. |
| 250 | _a2nd ed. | ||
| 260 |
_aToronto : _bCarswell, _c1980. |
||
| 504 | _aIncludes bibliographical references and index. | ||
| 650 | 0 |
_aProducts liability. _6S53664.1 |
|
| 650 | 6 |
_aResponsabilite du fait des produits. _6S53665.1 |
|
| 949 |
_aK100 _wlcc _i33729001917157 _mMAIN _p2500 _tBOOK _lON-SHELF |
||
| 004 | 111092 | ||
| 999 |
_c183790 _d183790 |
||